000 01137nam0a2200313 i 4500
001 RU\NLR\bibl\1968012
005 20240726084718.0
010 _a9785873671731
_9500
021 _aRU
_b2012-83617
_96184
035 _a(NLR Aleph) 001956899
090 _a3771961
_c3771961
100 _a20121116d2012 u y0rusy50 ca
101 0 _arus
102 _aRU
105 _aa |||||||||
200 1 _aЧукотский рейс
_e[путевые заметки, очерки, рассказы]
_fГеннадий Манушкин
210 _aОмск
_c[б. и.]
_d2012
215 _a325 с.
_cил., портр.
_d21
300 _aНа обороте тит. л. авт.: проф. моряк, капитан дальнего плавания
320 _aДр. произведения авт. на обороте тит. л.
686 _aШ6(2=Р)8-4
700 1 _aМанушкин
_bГ. Г.
_f1938-2011
_gГеннадий Георгиевич
_4070
801 0 _aRU
_bNLR
_c20121116
_gRCR
801 1 _aRU
_bNLR
_c20121116
830 _aавт. по кн.
942 _cBOOK
980 _aNBR